Sports Quiz

Random Sports or Automobiles Quiz

Top Non-Cup NASCAR Nationwide Series Finishers - 2012 Quiz Stats

 Plays Quiz not verified by Sporcle

Score 0/33 Timer 06:00
0 Plays Today
Race Driver % Correct
Daytona - DRIVE4COPD 300Elliott Sadler
98.9%
Phoenix - Bashas' Supermarkets 200Elliott Sadler
98.9%
Bristol - Ford EcoBoost 300Elliott Sadler
98.9%
Charlotte - History 300Elliott Sadler
98.9%
Chicagoland - STP 300Elliott Sadler
98.9%
Iowa - U.S. Cellular 250Elliott Sadler
98.9%
Charlotte - Dollar General 300Elliott Sadler
98.9%
Kentucky - Feed The Children 300Austin Dillon
97.7%
Loudon - F.W. Webb 200Austin Dillon
97.7%
Kentucky - Kentucky 300Austin Dillon
97.7%
Las Vegas - Sam's Town 300Ricky Stenhouse Jr.
96.6%
California - Royal Purple 300Ricky Stenhouse Jr.
96.6%
Texas - O'Reilly Auto Parts 300Ricky Stenhouse Jr.
96.6%
Richmond - Virginia 529 College Savings 250Ricky Stenhouse Jr.
96.6%
Talladega - Aaron's 312Ricky Stenhouse Jr.
96.6%
Iowa - Pioneer Hi-Bred 250Ricky Stenhouse Jr.
96.6%
Daytona - Subway Jalapeno 250Ricky Stenhouse Jr.
96.6%
Race Driver % Correct
Bristol - Food City 250Ricky Stenhouse Jr.
96.6%
Atlanta - NRA American Warrior 300Ricky Stenhouse Jr.
96.6%
Richmond - Virginia 529 College Savings 250Ricky Stenhouse Jr.
96.6%
Chicagoland - Dollar General 300Ricky Stenhouse Jr.
96.6%
Kansas - Kansas Lottery 300Ricky Stenhouse Jr.
96.6%
Texas - O'Reilly Auto Parts ChallengeRicky Stenhouse Jr.
96.6%
Phoenix - Great Clips 200Ricky Stenhouse Jr.
96.6%
Darlington - VFW Sport Clips Help a Hero 200Sam Hornish Jr.
95.4%
Indianapolis - Indiana 250Sam Hornish Jr.
95.4%
Watkins Glen - Zippo 200 at the GlenSam Hornish Jr.
95.4%
Homestead - Ford EcoBoost 300Sam Hornish Jr.
95.4%
Montreal - NAPA Auto Parts 200Justin Allgaier
90.8%
Dover - OneMain Financial 200Michael Annett
85.1%
Michigan - Alliance Truck Parts 250Cole Whitt
73.6%
Road America - Sargento 200Ron Fellows
69%
Dover - 5-Hour Energy 200Ryan Truex
62.1%

You're not logged in!

Compare scores with friends on all Sporcle quizzes.
OR
Log In

You Might Also Like...

Show Comments

Extras

Top Quizzes Today


Score Distribution

Your Account Isn't Verified!

In order to create a playlist on Sporcle, you need to verify the email address you used during registration. Go to your Sporcle Settings to finish the process.

Report this User

Report this user for behavior that violates our Community Guidelines.

Details: